Responses for show #6104 - Thursday, March 10, 2011

Contestants

Evan Bastian, an electrical engineer from Clovis, California

Tim Maas, an Army ammunition inspector from McAlester, Oklahoma

Quinn McDonald, an inventory control manager from Lowville, New York (whose 1-day cash winnings total $20,600)

Jeopardy! Round responses

THE SENATOR OF MY WORLD
MOVIE BY SONG LYRICS
DESSERT ITEMS
4 LETTERS IN LENGTH
THE NOVELS OF H.G. WELLS
THE SHAPE OF "THING"s TO COME
    $200 12
Harry Reid

Quinn
    $200 13
The Producers

Quinn
    $200 18
Oreo

Evan
    $200 1
an inch

Evan
    $200 10
(Tim: What is Venus?)
(Quinn: What is Mars?)

the Moon

QuinnTimEvan
    $200 6
a plaything

Quinn
    $400 19
Edward Kennedy

Tim
    $400 14
This Is Spinal Tap

Quinn
    $400 23
meringue

Quinn
    $400 2
a mile

Tim
    $400 27
(Alex: They made another film of it just a couple of years ago.)

The War of the Worlds

Triple Stumper
    $400 7
(Quinn: What is all or nothing?)

double or nothing

QuinnEvan
    $600 20
Al Franken

Quinn
    $600 15
Animal House

Tim
    $600 24
(Quinn: What is Napoleon Dynamite?)

Neopolitan

QuinnEvan
    $600 3
a foot

Tim
    $600 28
The Time Machine

Tim
    $600 8
a teething ring

Quinn
    $800 21
Vermont

Quinn
    $800 16
Monty Python's Life of Brian

Quinn
    $800 25
(Alex: With less than a minute to go now, Evan.)

3 Musketeers

Triple Stumper
    $800 4
the hand

Tim
    $800 29
[The end-of-round signal sounds.]

Invisible

Quinn
    $500 9
(Alex: Quinn?)
(Quinn: [Shakes head])

Much Ado About Nothing

Quinn
    $1000 22
Russ Feingold

Evan
    $1000 17
South Park

Quinn
    $1000 26
Duncan Hines

Quinn
    $1000 5
a yard

Quinn
    $1000 11
the Althing

Triple Stumper

Scores at the first commercial break (after clue 14):

Quinn Tim Evan
$1,500 $1,600 $800

Scores at the end of the Jeopardy! Round:

Quinn Tim Evan
$6,300 $3,200 $2,600

Double Jeopardy! Round responses

NEW ENGLANDERS
SIBLING SPORTS RIVALRIES
THEY WERE STONED
ALPHABETICALLY LAST
LEARN SOME GERMAN
ARGONNE NATIONAL LABORATORY
(Jimmy: The Department of Energy site that's helping to find new green ways to power America.)
    $400 6
(Quinn: Who is Marconi?)

(Samuel) Morse

QuinnTim
    $400 1
Venus & Serena Williams

Evan
    $400 11
Moctezuma

Tim
    $400 16
Wilson

Evan
    $400 21
the beach

Tim
    $400 26
(Evan: What is a particle accelerator?)
(Tim: What is a cyclotron?)

a nuclear reactor

QuinnTimEvan
    $800 7
L.L. Bean

Evan
    $800 2
Peyton & Eli Manning

Tim
    $800 12
Odysseus

Quinn
    $800 17
Uzbekistan

Quinn
    $800 22
the piano

Quinn
    $800 27
(Alex: Good. Less than a minute, now.)

a supernova

Evan
    $1200 8
Ethan Allen

Tim
    $1200 3
the DiMaggios

Tim
    $1200 13
Sinai

Tim
    $1200 18
the troposphere

Evan
    $3,000 23
(Quinn: What is a rose?)

the sunflower

Quinn
    $1200 28
a nanotube

Evan
    $1600 9
George H.W. Bush

Tim
    $1600 4
Kyle & Kurt Busch

Triple Stumper
    $1600 14
Sharia law

Evan
    $1600 19
Raphael

Evan
    $1600 24
Switzerland

Tim
    $1600 29
anodes

Evan
    $3,000 10
(Henry David) Thoreau

Tim
    $2000 5
Ronde Barber

Evan
    $2000 15
(Saint) Stephen

Tim
    $2000 20
the wrench

Tim
    $2000 25
(Quinn: What is a field mouse?)

the bat

QuinnTim
    $2000 30
(Alex: The electrical engineer came through with a category that seemed tailor-made for you, Evan, and as a result, you have $15,800.)

semiconductors

Evan

Scores at the end of the Double Jeopardy! Round:

Quinn Tim Evan
$3,700 $20,600 $15,800

[wagering suggestions for these scores]

Final Jeopardy! Round responses

20th CENTURY PRESIDENTIAL ELECTIONS
(Alex: The election was 1944. FDR and Dewey, both former governors of [*] State.)
QuinnWhat is New York?
$3,000
EvanWhat is New York?
$15,799
TimWhat is New York?
$11,001
New York

Final scores:

Quinn Tim Evan
$6,700 $31,601 $31,599
3rd place: $1,000 New champion: $31,601 2nd place: $2,000

Game dynamics:

Coryat scores:

Quinn Tim Evan
$7,200 $19,600 $15,800
17 R,
7 W
(including 2 DDs)
19 R
(including 1 DD),
2 W
17 R,
1 W

Combined Coryat: $42,600

The J! Archive is created by fans, for fans. The Jeopardy! game show and all elements thereof, including but not limited to copyright and trademark thereto, are the property of Jeopardy Productions, Inc. and are protected under law. This website is not affiliated with, sponsored by, or operated by Jeopardy Productions, Inc. Join the discussion at JBoard.tv.